Представление документа в формате RUSMARC

ПолеНазваниеЗначение
  Тип записи a
  Библиографический уровень m
001 Контрольный номер RU/SLIB/B/208737325
005 Дата корректировки 20241030160639.1
010 Индекс ISBN __
d Цена 0-35
100 Данные общей обработки __
a Данные общей обработки 20211021d1990 m y0rusy028902 ca
101 Язык документа 0_
a Язык текста rus
102 Страна публикации __
a Страна публикации RU
105 Кодированные данные (монография) __
a Кодированные данные (монография) y j 000yy
181 Поле кодированных данных: вид содержания _0
a Код вида содержания (ISBD) i
182 Поле кодированных данных: тип средства _0
a Код типа средства (ISBD) n
200 Заглавие и сведения об ответственности 1_
a Заглавие Практикум по неорганической химии
e Сведения, относящиеся к заглавию учеб. пособие для техникумов
f Первые сведения об ответственности Дорофеев А. И.
b Общее обозначение материала Текст
210 Выходные данные 1_
a Место издания Л.
c Издательство Химия, Ленингр. отд-ние
d Дата издания 1990
215 Физическое описание __
a Объем 240 с.
606 Тематические рубрики __
a Основная рубрика Химия
606 Тематические рубрики __
a Основная рубрика Общая и неорганическая химия в целом
610 Ключевые слова 0_
a Ключевые слова неорганическая химия
686 Индексы других классификаций __
a Классификационный индекс 24.1; ст24.1
700 Автор _1
a Фамилия Дорофеев
b Имя А. И.
4 Код отношения 070
702 Вторичная интеллектуальная ответственность _1
a Фамилия Федотова
b Имя М. И.
4 Код отношения Автор
801 Источник записи _0
a Страна RU
b Организация Муниципальное бюджетное учреждение культуры "Централизованная библиотечная система" г. Сургут (Центральная городская библиотека им. А. С. Пушкина)
g Правила каталогизации КиК/Уланова
801 Источник записи _1
a Страна RU
b Организация Муниципальное бюджетное учреждение культуры "Централизованная библиотечная система" г. Сургут (Центральная городская библиотека им. А. С. Пушкина)
g Правила каталогизации КиК/Уланова
852 Данные о местонахождении __
j Шифр хранения 24.1
c Каталожный индекс 24.1
i Авторский знак Д 69
p Инвентарный номер 41163
901 Тип документа __
t Тип документа m
969 Тип издания __
a Тип издания учебное пособие
990 Данные о заказе (DOS) __
j Количество экземпляров (DOS) 1
t N записи в КСУ для И/У (DOS) 199101